| 000 | 00821nam a22002177a 4500 | ||
|---|---|---|---|
| 003 | PILC | ||
| 005 | 20181203071737.0 | ||
| 008 | 140123b xxu||||| |||| 00| 0 eng d | ||
| 020 | _a9780810987999 | ||
| 050 |
_aPZ 7 _b.K6232Dr 2008 |
||
| 100 | _aKinney, Jeff | ||
| 245 |
_aDiary of a wimpy kid : _bRodrick rules _cJeff Kinney. |
||
| 260 |
_aUSA : _bAmulet, _c2008. |
||
| 300 |
_a216 p. : _bill. ; _c20cm. |
||
| 520 | _aGreg Heffley tells about his summer vacation and his attempts to steer clear of trouble when he returns to middle school and tries to keep his older brother, ROderick from telling everyone about Greg;s most humiliating experience of the Summer | ||
| 650 | _aSummer-Fiction | ||
| 650 | _aDiaries-Fiction | ||
| 650 | _2Humorous stories-Fiction | ||
| 942 |
_2lcc _cBK |
||
| 999 |
_c26085 _d26085 |
||